Greek Football Clubs in European Competitions - Statistics

General Stats
  • This quiz has been taken 365 times
  • The average score is 14 of 20
Answer Stats
Appearances First Season Last Season Teams % Correct
57 1959/60 2022/23 Olympiacos Piraeus
100%
45 1963/64 2021/22 AEK Athens
99%
41 1965/66 2022/23 PAOK Thessaloniki
99%
51 1960/61 2022/23 Panathinaikos
97%
21 1964/65 2022/23 Aris Thessaloniki
94%
6 1986/87 2020/21 OFI Heraklion
88%
5 2012/13 2018/19 Asteras Tripolis
87%
6 1983/84 2009/10 AE Larissa
86%
7 2006/07 2019/20 Atromitos FC
84%
9 1969/70 2017/18 Panionios
79%
9 1961/62 2006/07 Iraklis Thessaloniki
78%
1 2016/17 2016/17 PAS Giannina
69%
4 2002/03 2013/14 Xanthi FC
66%
1 1973/74 1973/74 Panachaiki Patras
55%
1 1980/81 1980/81 Kastoria FC
49%
1 2011/12 2011/12 Olympiakos Volou
43%
1 1995/96 1995/96 Apollon Athens
41%
1 1991/92 1991/92 Athinaikos
41%
1 2004/05 2004/05 Egaleo Athens
41%
1 1999/00 1999/00 Ionikos Nikea
40%
No matching quizzes found
Score Distribution
Percent of People with Each Score
Percentile by Number Answered
Your Score History
You have not taken this quiz